[Event "25th Bosna it"]
[Site "Sarajevo YUG"]
[Date "1986.04.??"]
[Round "10"]
[White "Georgiev, Kiril"]
[Black "Psakhis, Lev"]
[Result "0-1"]
[WhiteElo "2545"]
[BlackElo "2555"]
[EventDate "1986.04.06"]
[PlyCount "88"]

1.d4 e6 2.e4 d5 3.Nc3 Bb4 4.a3 Bxc3+ 5.bxc3 dxe4 6.Qg4 Nf6 7.Qxg7 Rg8 8.
Qh6 Nbd7 9.Ne2 c5 10.g3 b6 11.Bg2 Bb7 12.O-O Qe7 13.a4 Ng4 14.Qf4 f5 15.a5
Ndf6 16.c4 cxd4 17.Ba3 Qd7 18.h3 e5 19.Qc1 f4 20.Nxf4 Nxf2 21.Nh5 Nxh5 22.
Qh6 Nxg3 23.Rxf2 O-O-O 24.a6 Ba8 25.Kh2 Rg6 26.Qf8 e3 27.Bxa8 exf2 28.Qxf2
Qf5 29.Qxf5+ Nxf5 30.Be4 Ne3 31.c5 b5 32.c6 Rf6 33.Rg1 Nf1+ 34.Kh1 Nd2 35.
Bxh7 Nc4 36.Bb4 Rxc6 37.Ra1 Ne3 38.Be4 Nxc2 39.Bxc6 Nxa1 40.Bb7+ Kb8 41.
Kg2 Nc2 42.Be7 Rd7 43.Bf6 Ne3+ 44.Kg3 Nc4 0-1

[Event "25th Bosna it"]
[Site "Sarajevo YUG"]
[Date "1986.04.??"]
[Round "10"]
[White "Campora, Daniel Hugo"]
[Black "Dizdar, Goran"]
[Result "1-0"]
[WhiteElo "2530"]
[BlackElo "2465"]
[EventDate "1986.04.06"]
[PlyCount "52"]

1.e4 e6 2.d4 d5 3.Nc3 Bb4 4.a3 Bxc3+ 5.bxc3 dxe4 6.Qg4 Nf6 7.Qxg7 Rg8 8.
Qh6 Nbd7 9.f3 c5 10.Bb2 Rg6 11.Qe3 Qa5 12.O-O-O Nd5 13.Qe1 b5 14.fxe4 N5b6
15.Nf3 Bb7 16.Qh4 Na4 17.d5 Nxb2 18.Kxb2 b4 19.cxb4 cxb4 20.a4 exd5 21.
exd5 Nc5 22.Bb5+ Kf8 23.Ne5 Rg7 24.Rhf1 a6 25.Qh5 Kg8 26.Rxf7 1-0

[Event "25th Bosna it"]
[Site "Sarajevo YUG"]
[Date "1986.04.??"]
[Round "10"]
[White "Dizdarevic, Emir"]
[Black "Spassky, Boris"]
[Result "1/2-1/2"]
[WhiteElo "2465"]
[BlackElo "2610"]
[EventDate "1986.04.06"]
[PlyCount "36"]

1.Nf3 e6 2.g3 f5 3.Bg2 Nf6 4.b3 a5 5.a3 d5 6.O-O Be7 7.Bb2 O-O 8.d3 c5 9.
c4 Nc6 10.cxd5 exd5 11.d4 Ne4 12.dxc5 Bxc5 13.Nc3 Nxc3 14.Bxc3 d4 15.b4 
Bxb4 16.Bxb4 axb4 17.axb4 Rxa1 18.Qxa1 Nxb4 1/2-1/2

[Event "25th Bosna it"]
[Site "Sarajevo YUG"]
[Date "1986.04.??"]
[Round "11"]
[White "Ivkov, Borislav"]
[Black "Petrosian, Arshak"]
[Result "1/2-1/2"]
[WhiteElo "2525"]
[BlackElo "2495"]
[EventDate "1986.04.06"]
[PlyCount "32"]

1.d4 d5 2.c4 e6 3.Nc3 Be7 4.Nf3 Nf6 5.Bg5 h6 6.Bh4 O-O 7.e3 b6 8.Rc1 Bb7 
9.Bxf6 Bxf6 10.cxd5 exd5 11.b4 c5 12.bxc5 bxc5 13.Rb1 Bc6 14.Bb5 a6 15.
Bxc6 Nxc6 16.O-O cxd4 1/2-1/2

[Event "25th Bosna it"]
[Site "Sarajevo YUG"]
[Date "1986.04.??"]
[Round "11"]
[White "Dizdar, Goran"]
[Black "Velimirovic, Dragoljub"]
[Result "1/2-1/2"]
[WhiteElo "2465"]
[BlackElo "2575"]
[EventDate "1986.04.06"]
[PlyCount "57"]

1.Nf3 c5 2.g3 g6 3.Bg2 Bg7 4.O-O Nf6 5.c4 O-O 6.b3 d5 7.Bb2 dxc4 8.bxc4 
Nc6 9.Ne5 Na5 10.Qc2 Nd7 11.Nxd7 Bxb2 12.Qxb2 Bxd7 13.d3 Rc8 14.Nc3 Bc6 
15.h4 e6 16.Ne4 f5 17.Ng5 Qf6 18.Qxf6 Rxf6 19.Nf3 Rf7 20.Ne5 Bxg2 21.Kxg2 
Re7 22.Rfb1 Nc6 23.Nxc6 Rxc6 24.Rb5 e5 25.Rab1 b6 26.a4 e4 27.a5 exd3 28.
axb6 axb6 29.exd3 1/2-1/2

[Event "25th Bosna it"]
[Site "Sarajevo YUG"]
[Date "1986.04.??"]
[Round "11"]
[White "Spassky, Boris"]
[Black "Campora, Daniel Hugo"]
[Result "1/2-1/2"]
[WhiteElo "2610"]
[BlackElo "2530"]
[EventDate "1986.04.06"]
[PlyCount "136"]

1.e4 c6 2.d4 d5 3.Nc3 dxe4 4.Nxe4 Nf6 5.Nxf6+ gxf6 6.c3 Bf5 7.Nf3 Nd7 8.
Nh4 Bg6 9.g3 Qa5 10.Be2 e6 11.O-O Bg7 12.b4 Qd8 13.a4 a6 14.a5 O-O 15.Be3 
Be4 16.Qd2 Kh8 17.Bh6 Rg8 18.Bxg7+ Rxg7 19.Qf4 Bg6 20.Rad1 Qb8 21.Qxb8+ 
Rxb8 22.Rd2 Rd8 23.Rfd1 f5 24.Ng2 Nf6 25.c4 Ne4 26.Rd3 Rgg8 27.Nf4 Kg7 28.
f3 Nf6 29.Kf2 Rd7 30.Ke3 Rgd8 31.R1d2 Nh5 32.Nxh5+ Bxh5 33.Rb2 Ra8 34.Bf1 
f6 35.f4 Be8 36.Kd2 Rad8 37.Kc3 Rc7 38.Re2 Bd7 39.Bg2 Bc8 40.Bf3 Kg6 41.
Re1 Rh8 42.Bd1 Rd8 43.Bb3 Kf7 44.Rde3 Re8 45.Kd3 Rce7 46.d5 Rd8 47.Kc3 
cxd5 48.cxd5 Rc7+ 49.Kd4 exd5 50.R3e2 Kf8 51.Rc2 Rxc2 52.Bxc2 Kf7 53.Bb3 
Be6 54.Rc1 Ke7 55.Rc5 Kd6 56.b5 axb5 57.Rxb5 Rd7 58.Rb6+ Ke7 59.Ba2 Bf7 
60.Bb1 Be6 61.Bc2 Rc7 62.Bb3 Rd7 63.h3 h6 64.Ba2 Bf7 65.Bb1 Be6 66.Bc2 Rc7
67.Bb3 Rd7 68.Ba2 1/2-1/2

[Event "25th Bosna it"]
[Site "Sarajevo YUG"]
[Date "1986.04.??"]
[Round "12"]
[White "Campora, Daniel Hugo"]
[Black "Gligoric, Svetozar"]
[Result "1/2-1/2"]
[WhiteElo "2530"]
[BlackElo "2515"]
[EventDate "1986.04.06"]
[PlyCount "40"]

1.e4 d6 2.d4 g6 3.Nf3 Bg7 4.Nc3 Nf6 5.h3 O-O 6.Be3 c6 7.a4 a5 8.g3 Na6 9.
Bg2 Nb4 10.O-O Qc7 11.Qe2 e5 12.dxe5 dxe5 13.Rfd1 b6 14.Rd2 Ba6 15.Qe1 
Rae8 16.Rad1 Bc8 17.Qe2 Ba6 18.Qe1 Re7 19.Nh2 Bc8 20.Qe2 Ba6 1/2-1/2

[Event "25th Bosna it"]
[Site "Sarajevo YUG"]
[Date "1986.04.??"]
[Round "12"]
[White "Velimirovic, Dragoljub"]
[Black "Spassky, Boris"]
[Result "1/2-1/2"]
[WhiteElo "2575"]
[BlackElo "2610"]
[EventDate "1986.04.06"]
[PlyCount "25"]

1.e4 e5 2.Nf3 Nc6 3.Bb5 g6 4.c3 a6 5.Ba4 d6 6.d4 Bd7 7.O-O Bg7 8.d5 Nce7 
9.c4 b5 10.Bb3 Nf6 11.Re1 bxc4 12.Bxc4 O-O 13.Nc3 1/2-1/2

[Event "25th Bosna it"]
[Site "Sarajevo YUG"]
[Date "1986.04.??"]
[Round "13"]
[White "Psakhis, Lev"]
[Black "Campora, Daniel Hugo"]
[Result "1/2-1/2"]
[WhiteElo "2555"]
[BlackElo "2530"]
[EventDate "1986.04.06"]
[PlyCount "91"]

1.d4 d5 2.c4 c6 3.Nf3 Nf6 4.Nc3 g6 5.Bg5 Bg7 6.e3 O-O 7.Bd3 Bg4 8.h3 Bxf3 
9.Qxf3 dxc4 10.Bxc4 Nbd7 11.O-O Qa5 12.Bh4 e5 13.Bb3 exd4 14.exd4 Qh5 15.
Qxh5 Nxh5 16.d5 Nc5 17.dxc6 Nxb3 18.cxb7 Rab8 19.axb3 Rxb7 20.b4 h6 21.f4 
g5 22.fxg5 Rxb4 23.Be1 Rxb2 24.gxh6 Bd4+ 25.Kh1 Bxc3 26.Bxc3 Ng3+ 27.Kg1 
Ne2+ 28.Kh2 Nxc3 29.Rxa7 f5 30.Rc1 Nd5 31.Rd7 Nf6 32.Rg7+ Kh8 33.Rc5 Ne8 
34.Rc8 Re2 35.Rd7 f4 36.Kg1 Kg8 37.Kf1 Re6 38.h7+ Kh8 39.Kf2 Rf5 40.Ra8 
Rf8 41.Rb8 Ref6 42.Rdd8 Re6 43.Rd7 Re3 44.Ra8 Re5 45.Rb8 Rf6 46.Ra8 
1/2-1/2

[Event "25th Bosna it"]
[Site "Sarajevo YUG"]
[Date "1986.04.??"]
[Round "13"]
[White "Gligoric, Svetozar"]
[Black "Velimirovic, Dragoljub"]
[Result "1/2-1/2"]
[WhiteElo "2515"]
[BlackElo "2575"]
[EventDate "1986.04.06"]
[PlyCount "23"]

1.d4 Nf6 2.c4 c5 3.Nf3 cxd4 4.Nxd4 e6 5.Nc3 Nc6 6.Ndb5 d5 7.Bf4 e5 8.cxd5 
exf4 9.dxc6 bxc6 10.Qxd8+ Kxd8 11.Rd1+ Bd7 12.Nd6 1/2-1/2

[Event "25th Bosna it"]
[Site "Sarajevo YUG"]
[Date "1986.04.??"]
[Round "13"]
[White "Spassky, Boris"]
[Black "Ivkov, Borislav"]
[Result "1/2-1/2"]
[WhiteElo "2610"]
[BlackElo "2525"]
[EventDate "1986.04.06"]
[PlyCount "28"]

1.e4 e5 2.Nf3 Nc6 3.Bb5 a6 4.Ba4 Nf6 5.O-O Be7 6.Re1 b5 7.Bb3 d6 8.c3 O-O 
9.h3 Be6 10.d4 Bxb3 11.Qxb3 d5 12.exd5 Na5 13.Qd1 exd4 14.Nxd4 Re8 1/2-1/2

[Event "25th Bosna it"]
[Site "Sarajevo YUG"]
[Date "1986.04.??"]
[Round "13"]
[White "Dizdar, Goran"]
[Black "Petrosian, Arshak"]
[Result "1/2-1/2"]
[WhiteElo "2465"]
[BlackElo "2495"]
[EventDate "1986.04.06"]
[PlyCount "44"]

1.d4 Nf6 2.Nf3 d6 3.g3 Nbd7 4.Nc3 e5 5.e4 Be7 6.Bg2 c6 7.a4 a5 8.O-O O-O 
9.Re1 Re8 10.b3 Bf8 11.h3 g6 12.Ba3 exd4 13.Nxd4 Qb6 14.Qd2 Nc5 15.Rad1 
Be6 16.Qg5 Nfd7 17.Nf5 Bxf5 18.exf5 Bg7 19.Ne4 Nxe4 20.Bxe4 d5 21.Bg2 Bc3 
22.Rxe8+ 1/2-1/2

[Event "25th Bosna it"]
[Site "Sarajevo YUG"]
[Date "1986.04.??"]
[Round "13"]
[White "Drasko, Milan"]
[Black "Dizdarevic, Emir"]
[Result "1/2-1/2"]
[WhiteElo "2460"]
[BlackElo "2465"]
[EventDate "1986.04.06"]
[PlyCount "44"]

1.d4 e6 2.c4 Bb4+ 3.Bd2 a5 4.Nf3 Nf6 5.g3 d5 6.Qc2 Nc6 7.Bg2 dxc4 8.Qxc4 
Qd5 9.Qd3 Qe4 10.Qxe4 Nxe4 11.a3 Nxd2 12.Nbxd2 Be7 13.Rc1 Bd8 14.e3 Nb8 
15.Ne5 Nd7 16.Nd3 O-O 17.Ne4 c6 18.Ke2 Be7 19.Rc2 f6 20.Bh3 Kf7 21.Rhc1 
Nb6 22.Ndc5 1/2-1/2